000 00360nam a2200157Ia 4500
008 210210b1946 xxu||||| |||| 00| 0 eng d
041 _aeng
082 _a930/91
100 _aROBINSON (C E)
245 _aZito hellas
260 _aLondon
_bChapman & Hall Ltd.
_c1946
650 _aZito
650 _ahellas
690 _aAncient History
906 _a025003
999 _c150697
_d150697